Talleres sobre biodiversidad acuática de la cuenca del río Orinoco (Registro nro. 16633)
[ vista simple ]
| 000 -CABECERA | |
|---|---|
| Campo de control | 005060000a22001330004500 |
| 090 ## - CLASIFICACIÓN LOCAL | |
| Colección | MM |
| Consecutivo | 00248 |
| 044 ## - PAÍS DE PUBLICACIÓN | |
| País de publicación | |
| 041 0# - IDIOMA | |
| Código de idioma para texto/pista de sonido o título separado | |
| 111 2# - ASIENTO PRINCIPAL--NOMBRE DE REUNION | |
| Nombre de reunión o de jurisdicción como elemento de entrada | Memorias Talleres sobre Biodiversidad Acuática de la Cuenca del Río Orinoco |
| Language of a work | Bogotá |
| Date of a work | marzo 11-11, 2004 |
| 245 10 - MENCION DE TITULO | |
| Título | Talleres sobre biodiversidad acuática de la cuenca del río Orinoco |
| Version | construcción de visión de la biodiversidad de la cuenca del río Orinoco |
| 260 ## - PUBLICACION, DISTRIBUCION, ETC. (PIE DE IMPRENTA) | |
| Lugar de publicación, distribución, etc. | Bogotá |
| Nombre del editor, distribuidor, etc. | FUDENA |
| Fecha de publicación, distribución, etc. | 2004 |
| 300 ## - DESCRIPCION FISICA | |
| Extensión | CD-ROM |
| 942 ## - ELEMENTOS ADICIONALES (KOHA) | |
| Tipo de ítem | CD-ROM |
No hay ítems disponibles.